| 000 | 00787nam a2200265Ia 4500 | ||
|---|---|---|---|
| 003 | OSt | ||
| 005 | 20221006143640.0 | ||
| 006 | a|||||r|||| 00| 0 | ||
| 007 | ta | ||
| 008 | 221006b |||||||| |||| 00| 0 eng d | ||
| 020 |
_c _17.95 |
||
| 024 | _a9,543 | ||
| 037 | _cTextual | ||
| 040 |
_aEASL _cEASL _beng |
||
| 041 |
_2eng _aeng |
||
| 082 | _aX:97.17.N88, M9 | ||
| 100 | _aHAGGARD Stephan Ed. | ||
| 245 | 0 |
_aPacific dynamics _b The international politics of industrial change |
|
| 260 |
_aColorado _bWestview Press _c1989 |
||
| 300 |
_a389p. _ccm. |
||
| 490 |
_v Oth _aPacific and world studies series |
||
| 700 |
_a MOON Chung-in Ed. _9650160 |
||
| 942 |
_hX:97.17.N88, M9 _cTEXL _2CC |
||
| 999 |
_c1077629 _d1077629 |
||